Praktické programování
Salvato in:
| Autore principale: | |
|---|---|
| Altri autori: | |
| Natura: | Libro |
| Lingua: | ceco |
| Pubblicazione: |
Praha
Státní nakladatelství technické literatury
1972
|
| Tags: |
Nessun Tag, puoi essere il primo ad aggiungerne!!
|
MARC
| LEADER | 00000nam a2200000 4500 | ||
|---|---|---|---|
| 001 | c111648 | ||
| 005 | 20260313123847.5 | ||
| 041 | 0 | |a cze | |
| 044 | |a CZ | ||
| 245 | 1 | 0 | |a Praktické programování |c P.N. Corlett, J.D. Tinsley ; [Z angl. orig. přel. Jan Zelinka a Milada Lagová] |
| 264 | 1 | |a Praha |b Státní nakladatelství technické literatury |c 1972 | |
| 300 | |a 125 s. | ||
| 100 | 1 | |a Corlett, P.N. | |
| 700 | 1 | |a Tinsley, J.D. | |